| 000 -ლიდერი |
| ფიქსირებული სიგრძის საკონტროლო ველი |
01575nam a22002177a 4500 |
| 003 - საკონტროლო ნომრის იდენტიფიკატორი |
| საკონტროლო ველი |
Ge_BSU |
| 005 - ბოლო ოპერაციის თარიღი და დრო |
| საკონტროლო ველი |
20250527161834.0 |
| 008 - ფიქსირებული სიგრძის მონაცემთა ელემენტები - ზოგადი ინფორმაცია |
| ფიქსირებული სიგრძის საკონტროლო ველი |
250527s2023 ge ||||| |||| 00| 0 geo d |
| 020 ## - წიგნის საერთაშორისო სტანდარტული ნომერი |
| International Standard Book Number |
978994198781 |
| 041 ## - ენის კოდი |
| Language code of text/sound track or separate title |
geo |
| 080 ## - უნივერსალური ათობითი კლასიფიკაციის ინდექსი |
| Universal Decimal Classification number |
1(34) +1(315) ძ-49 |
| 245 ## - ცნობა სათაურის შესახებ |
| Title |
ძველაღმოსავლური სიბრძნის რჩეული ტექსტები : |
| Remainder of title |
უპანიშადები, ბჰაგავად გიტა, მანტრები, ლაო ძი. დაო დე ძინი : [კრებული] / |
| Statement of responsibility, etc |
თარგმანი ლერი ალიმონაკი ; რედაქტორი ალექსანდრე ალადაშვილი ; დიზაინი: გიორგი წერეთელი, მერაბ გეწაძე. |
| 264 ## - წარმოების, გამოცემის, დისტრიბუციის და სხვა ცნობები |
| გამოცემის, წარმოების, დისტრიბუციის... ადგილი |
თბილისი : |
| გამოცემის, წარმოების, დისტრიბუციის... სახელწოდება |
Carpe diem, |
| გამოცემის, წარმოების, დისტრიბუციის... თარიღი |
2023. |
| 300 ## - ფიზიკური აღწერა |
| Extent |
520 გვ. ; |
| Other physical details |
21 სმ. |
| 500 ## - ზოგადი შენიშვნა |
| General note |
წიგნი გამოიცა საქართველოს კულტურისა და ძეგლთა დაცვის სამინიტროს თანადგომით. |
| 700 ## - ADDED ENTRY--PERSONAL NAME |
| Personal name |
ალიმონაკი, ლერი |
| Relator term |
მთარგმნელი |
| 9 (RLIN) |
15226 |
| 700 ## - ADDED ENTRY--PERSONAL NAME |
| Personal name |
დაუშვილი, ალექსანდრე |
| Relator term |
რედაქტორი |
| 9 (RLIN) |
25138 |
| 700 ## - ADDED ENTRY--PERSONAL NAME |
| Personal name |
წერეთელი, გიორგი |
| Relator term |
დიზაინერი |
| 9 (RLIN) |
25139 |
| 700 ## - ADDED ENTRY--PERSONAL NAME |
| Personal name |
გეწაძე, მერაბ |
| Relator term |
დიზაინერი |
| 9 (RLIN) |
5470 |
| 942 ## - ADDED ENTRY ELEMENTS (KOHA) |
| Source of classification or shelving scheme |
|
| Koha item type |
წიგნი |